00449nam a22001217a 450000500170000000800410001704000180005810000220007624501280009826000480022630000290027465000240030320250228074347.0250228b |||||||| |||| 00| 0 eng d aKMUcKMUdKMU aSimuntala, Oliver aThe Socio-Economic Status of Fishers in Stratum 1 of Lake Tanganyika: A Case Study of Mpulungu District/cOliver Simuntala. aChinsali:bKapasa Makasa University,c2020. aiii, 14p.:bill;c30 cm. aFisheries and Aquac